000 00295nam a22001337a 4500
008 180920b xxu||||| |||| 00| 0 eng d
020 _a9780072538397
041 _aeng
080 _22nd
_a339.138
100 _a60
101 _aMAR
245 _aMarketing Research
_cHair,J.F
942 _2udc
_cBK
999 _c48099
_d48099